City Pictures Quiz - Statistics

General Stats
  • This quiz has been taken 106 times
  • The average score is 8 of 12
Answer Stats
Question Answer % Correct
Sydney
100%
Berlin
90%
Tokyo
83%
St. Louis
83%
Cape Town
80%
Barcelona
80%
Budapest
80%
Kyiv
70%
San Francisco
57%
Vancouver
43%
Mumbai
40%
Helsinki
40%
No matching quizzes found
Score Distribution
Percent of People with Each Score
Percentile by Number Answered
Your Score History
You have not taken this quiz